000 01433cam a22002898i 4500
999 _c57938
_d57938
001 21067549
005 20221107105716.0
008 190711s2020 enk b 000 0 eng
020 _a9780367193461x
041 _aeng
080 _a376.33 W-69
100 _aWilliams, Diana
_911036
245 1 0 _aEarly listening skills for children with a hearing loss :
_ba resource for professionals in health and education /
_cDiana Williams.
250 _aSecond edition.
263 _a1911
264 1 _aAbingdon, Oxon ; New York, NY :
_bRoutledge,
_c2020.
300 _a245 pages ;
_b28 cm.
650 0 _aHearing impaired children
_xEducation (Early childhood)
_911037
650 0 _aDeaf children
_xEducation (Early childhood)
_911038
650 0 _aListening
_xStudy and teaching (Early childhood)
_xActivity programs.
_911039
650 0 _aHearing disorders in children
_xTreatment.
_911040
653 _aადრეული მოსმენის უნარი სმენის დაკარგვის მქონე ბავშვებისთვის
653 _aპედაგოგიკა
653 _aსმენის დარღვევები ბავშვებში
776 0 8 _iOnline version:
_aWilliams, Diana,
_tEarly listening skills for children with a hearing loss
_bSecond edition.
_dAbingdon, Oxon ; New York, NY : Routledge, 2020.
_z9780429201912
_w(DLC) 2019025076
942 _2udc
_cBK